000 00539nam a2200205Ia 4500
003 OSt
005 20250424183804.0
008 210423s2012 xx 000 0 und d
020 _a8121910218
040 _cAL
041 _aeng
082 _a368
_223
_bMISI
100 _aMISHRA (M N);MISHRA (S B).
_991383
245 _aInsurance: principles and practice.
260 _aNew Delhi
_bS Chand & Company Ltd
_c2012
300 _aviii,829
_bPB
365 _b295
_cINR
906 _aInsurance: ; practice. ; principles
942 _2ddc
_cBK
999 _c160839
_d160839